Ekonomicko-právne aspekty zodpovedného podnikania vybranej obchodnej spoločnosti diplomová práca

Enregistré dans:
Détails bibliographiques
Auteur principal: Beck, Adrián
Collectivité auteur: Podnikovohospodárska fakulta EU so sídlom v Košiciach. Katedra finančného riadenia podniku
Autres auteurs: Kmeťová, Oľga, 1959-
Format: Livre
Langue:slovaque
Publié: Košice 2020
Tags: Ajouter un tag
Pas de tags, Soyez le premier à ajouter un tag!

MARC

LEADER 00000nbm a2200000 4500
001 0265297
005 20201208110543.3
041 0 |a slo 
044 |a SK 
245 1 0 |a Ekonomicko-právne aspekty zodpovedného podnikania vybranej obchodnej spoločnosti  |b diplomová práca  |c Adrián Beck ; školiteľ: Oľga Kmeťová 
264 1 |a Košice  |c 2020 
300 |a 76 s. 
100 1 |a Beck, Adrián 
700 1 |a Kmeťová, Oľga, 1959- 
710 2 |a Podnikovohospodárska fakulta EU so sídlom v Košiciach. Katedra finančného riadenia podniku